100 Best Premier League Players Ever - Statistics

General Stats
  • This quiz has been taken 959 times
    636 since last reset
  • The average score is 61 of 100
Answer Stats
# Player % Correct
2. Cristiano Ronaldo
99%
5. Mohamed Salah
98%
1. Thierry Henry
98%
6. Kevin De Bruyne
95%
3. Wayne Rooney
95%
27. Erling Haaland
91%
10. Frank Lampard
91%
28. Gareth Bale
91%
8. Harry Kane
91%
12. Steven Gerrard
90%
9. Roy Keane
88%
35. Son Heung-min
88%
25. Luis Suárez
87%
83. Robbie Keane
87%
15. Paul Scholes
86%
16. Ryan Giggs
86%
11. Sergio Agüero
86%
30. Didier Drogba
85%
19. Petr Čech
85%
4. Alan Shearer
84%
18. Ashley Cole
84%
33. Andrew Cole
83%
29. Eden Hazard
83%
72. Sadio Mané
83%
22. Rio Ferdinand
82%
76. Les Ferdinand
81%
13. Virgil van Dijk
81%
70. Bernardo Silva
80%
31. David Silva
80%
17. Peter Schmeichel
80%
59. Riyad Mahrez
80%
49. Nemanja Vidić
78%
20. David Beckham
77%
26. John Terry
76%
14. Patrick Vieira
75%
63. Robin van Persie
75%
7. Eric Cantona
73%
23. Dennis Bergkamp
72%
64. Dimitar Berbatov
72%
48. Gary Neville
72%
71. Luka Modrić
69%
52. Ruud van Nistelrooy
68%
47. Fernando Torres
67%
56. Dwight Yorke
66%
24. N'Golo Kante
66%
84. Roberto Firmino
65%
42. Vincent Kompany
65%
34. Alisson
64%
38. Cesc Fàbregas
63%
39. Edwin van der Sar
63%
41. Robert Pires
63%
86. Tim Cahill
62%
32. Jamie Vardy
61%
51. Gianfranco Zola
59%
46. Michael Owen
59%
88. Raheem Sterling
59%
100. Ole Gunnar Solskjaer
58%
74. David De Gea
57%
66. Carlos Tevez
56%
68. Ederson
55%
53. David Seaman
52%
54. Sol Campbell
52%
58. Teddy Sheringham
50%
45. Kyle Walker
49%
96. Patrice Evra
49%
85. Jamie Carragher
48%
62. Nicolas Anelka
48%
44. Robbie Fowler
48%
21. Rodri
48%
43. Trent Alexander-Arnold
48%
82. Freddie Ljungberg
47%
36. Tony Adams
47%
60. Xabi Alonso
47%
55. Michael Carrick
45%
79. Jaap Stam
43%
77. Jay-Jay Okocha
42%
50. Ian Wright
41%
69. Jermain Defoe
41%
75. Claude Makélélé
40%
40. Denis Irwin
40%
57. James Milner
40%
73. Joe Hart
39%
97. Peter Crouch
39%
91. Jimmy Floyd Hasselbaink
37%
89. Ricardo Carvalho
35%
95. Emmanuel Petit
34%
37. Yaya Touré
34%
61. Paolo Di Canio
30%
93. Gareth Barry
29%
65. Brad Friedel
28%
87. Emile Heskey
28%
67. Matt Le Tissier
28%
80. Jürgen Klinsmann
25%
78. David Ginola
23%
81. Gary Speed
23%
92. Kevin Phillips
22%
99. Steve Bruce
22%
98. Dion Dublin
20%
94. Mousa Dembele
13%
90. Juninho
12%
No matching quizzes found
Score Distribution
Percent of People with Each Score
Percentile by Number Answered
Your Score History
You have not taken this quiz since the last reset